Оценка токсичности основного отхода производства соды методом фитотестирования; Высокие технологии в современной науке и технике (ВТСНТ-2017)

Podrobná bibliografie
Parent link:Высокие технологии в современной науке и технике (ВТСНТ-2017).— 2017.— [С. 210-211]
Hlavní autor: Овсянникова И. В.
Další autoři: Пучкова Л. Н. (научный руководитель), Фанакова Н. Н., Быковский Н. А.
Shrnutí:Заглавие с титульного экрана
Jazyk:ruština
Vydáno: 2017
Edice:Химические технологии и биотехнологии
Témata:
On-line přístup:http://earchive.tpu.ru/handle/11683/45364
Médium: MixedMaterials Elektronický zdroj Kapitola
KOHA link:https://koha.lib.tpu.ru/cgi-bin/koha/opac-detail.pl?biblionumber=625469

MARC

LEADER 00000naa2a2200000 4500
001 625469
005 20231101133350.0
035 |a (RuTPU)RU\TPU\conf\24729 
035 |a RU\TPU\conf\24725 
090 |a 625469 
100 |a 20171214d2017 k y0rusy50 ca 
101 0 |a rus 
102 |a RU 
105 |a y z 101zy 
135 |a drcn ---uucaa 
181 0 |a i  
182 0 |a b 
200 1 |a Оценка токсичности основного отхода производства соды методом фитотестирования  |f И. В. Овсянникова, Л. Н. Пучкова, Н. Н. Фанакова  |g науч. рук. Н. А. Быковский 
203 |a Текст  |c электронный 
225 1 |a Химические технологии и биотехнологии 
230 |a 1 компьютерный файл (pdf; 553 Kb) 
300 |a Заглавие с титульного экрана 
320 |a [Библиогр.: с. 211 (6 назв.)] 
463 1 |0 (RuTPU)RU\TPU\conf\24481  |t Высокие технологии в современной науке и технике (ВТСНТ-2017)  |o сборник научных трудов VI Международной научно-технической конференции молодых ученых, аспирантов и студентов, г. Томск, 27–29 ноября 2017 г.  |f Национальный исследовательский Томский политехнический университет (ТПУ) ; под ред. А. Н. Яковлева  |v [С. 210-211]  |d 2017 
610 1 |a электронные ресурсы 
610 1 |a кальцинированная сода 
610 1 |a биотестирование 
610 1 |a токсичность 
610 1 |a водные среды 
610 1 |a корреляции 
610 1 |a биоиндикаторы 
700 1 |a Овсянникова  |b И. В. 
701 1 |a Пучкова  |b Л. Н. 
701 1 |a Фанакова  |b Н. Н. 
702 1 |a Быковский  |b Н. А.  |4 727 
801 2 |a RU  |b 63413507  |c 20171220  |g RCR 
856 4 |u http://earchive.tpu.ru/handle/11683/45364 
942 |c BK